Normal view
MARC view
Entry Personal Name
001 - CONTROL NUMBER
- control field: 1362
003 - CONTROL NUMBER IDENTIFIER
- control field: BD-RjUL
005 - DATE AND TIME OF LATEST TRANSACTION
- control field: 20220216094905.0
008 - FIXED-LENGTH DATA ELEMENTS
- fixed length control field: 220216|| aca||aabn | a|a d
040 ## - CATALOGING SOURCE
- Original cataloging agency: BD-RjUL
- Transcribing agency: BD-RjUL
100 ## - HEADING--PERSONAL NAME
- Personal name: الهمداني، ابو الحسن محمد بن عبد الملك،
- Dates associated with a name: 1070/1-1127
670 ## - SOURCE DATA FOUND
- Source citation: Work cat.: (BD-RjUL)79390: الهمداني، ابو الحسن محمد بن عبد الملك، 1070/1-1127., تكملة تاريخ الطبري /Takmilat tārīkh al-Ṭabarī /, 1961.